000 01199cam a22002295a 4500
001 L137643
008 070423s2007 xxk f 000 0 eng d
035 _a(Sirsi) u137643
041 0 _aeng
110 2 _aColliers CRE
_95075
245 0 0 _aProperty pricing survey
_bMarch 2007
_h[electronic resource]
260 _c2007
490 0 _aProperty Pricing Survey
_v(38) March 2007
520 _aReports buying to be the main investment activity, with offices favoured by 57% of respondents, and industrials and retail to be favoured by 50% of respondents. Finds retail to be the most popular sale sector, by 29% of respondents, and central London to be the most targeted region in the office sector. Reports a cooling of investor demand for offices in Central London and the South East. Predicts rental growth to be the key driver of property performance in 2007.
590 _aKA
650 2 4 _aCOLLIERS PROPERTY PRICING SURVEY
651 4 _aUnited Kingdom
_y
690 _aPROPERTY-PROPERTY VALUATION AND APPRAISAL
690 _aPROPERTY-COMMERCIAL PROPERTY-COMMERCIAL PROPERTY MARKET
856 4 0 _uhttps://www.colliers.com/
_zView the item free of charge at www.colliers.com...
942 _n0
999 _c106860
_d106860